| 000 | 00469cab a22001815a 4500 | ||
|---|---|---|---|
| 001 | L157945 | ||
| 008 | 130731e2013 xxk 000 0 eng d | ||
| 035 | _a(Sirsi) u157945 | ||
| 041 | 0 | _aeng | |
| 110 | 2 |
_aExperian Economics _95977 |
|
| 245 | 0 | 0 | _aBuilding intelligence |
| 260 | _c2013 | ||
| 490 |
_aBuilding _v(278) 5 July 2013, 46-47(2) |
||
| 520 | _aExploration of the construction output in Q1 of 2013 | ||
| 590 | _aKA | ||
| 650 | 2 | 4 | _aCONSTRUCTION |
| 942 | _n0 | ||
| 999 |
_c84498 _d84498 |
||